Ariana Grande "goodnight n go" lyrics - Statistics

General Stats
  • This quiz has been taken 312 times
  • The average score is 317 of 365
Answer Stats
Hint Answer % Correct
go
100%
go)
100%
Ayy
99%
I
99%
say?
99%
say
99%
Say
99%
you
99%
You
99%
you,
99%
you.
99%
me
98%
me?
98%
good,
97%
goodnight
97%
it
97%
it,
97%
So
97%
so
97%
to
97%
why
97%
Why
97%
and
96%
And
96%
be
96%
n
96%
Chorus Just
94%
just
94%
baby,
93%
Baby,
93%
have
93%
I'm
93%
cute?
92%
It's
92%
(It's
92%
know
92%
Know
92%
that
92%
what
92%
your
92%
got
91%
impossible
91%
Ohh,
91%
ohh,
91%
ohh
91%
Outro Ta
91%
at
90%
(At
90%
ignore
90%
make
90%
much?
90%
Pre-Chorus Oh,
90%
on
90%
Verse Tell
90%
way
90%
we
90%
come
89%
look
89%
of
89%
the
89%
then
89%
well
89%
We'll
89%
does
88%
get
88%
(Ahh)
87%
(Ahh-ah)
87%
da
87%
why'd
87%
Pre-Chorus Why'd
87%
gotta
86%
tryna
86%
along
85%
with
85%
enough
84%
stay
84%
bad
83%
sleep
83%
talk
83%
things
83%
about
82%
dreamin'
82%
love
82%
miss
82%
Bridge One
82%
one
82%
want
82%
want,
82%
all
81%
is
81%
there
81%
train
81%
days
80%
great
80%
where
80%
You'll
80%
boy
79%
here,
79%
laugh
79%
show
79%
these
79%
together
79%
don't
78%
drinks
78%
eyes
78%
how
78%
should
78%
excuse
77%
Lately,
77%
no
77%
thinkin',
77%
thinkin'
77%
any
76%
screamin'
76%
hands
75%
close
74%
must
74%
top
74%
But
73%
but
73%
mistaken
73%
Play
73%
won't
73%
always
72%
my
72%
We'd
72%
we'd
72%
again
70%
already
70%
awake
70%
for
70%
you'd
70%
you're
70%
reason
69%
tease
69%
I'd
68%
mind
68%
playin',
68%
down
65%
this
63%
Wanna
62%
may
61%
can't
57%
heating
57%
like
55%
convenience)
54%
Mmm
52%
kiss
50%
'bout
49%
read
38%
lips
36%
lookin'
30%
woah
29%
'em,
27%
While
26%
Honey,
8%
No matching quizzes found
Score Distribution
Percent of People with Each Score
Percentile by Number Answered
Your Score History
You have not taken this quiz